LEADER 03578oam 2200481I 450 001 9910367616903321 005 20190826145055.0 024 7 $a10.1163/9789004392809 035 $a(CKB)4970000000170154 035 $a(nllekb)BRILL9789004392809 035 $a(oapen)https://directory.doabooks.org/handle/20.500.12854/39264 035 $a(MiAaPQ)EBC31218493 035 $a(Au-PeEL)EBL31218493 035 $a(EXLCZ)994970000000170154 100 $a20170829d2017 uy 0 101 0 $aeng 135 $aurun| uuuua 181 $ctxt$2rdacontent 182 $cc$2rdamedia 183 $2rdacarrier 200 14$aThe unity of the capitalist economy and state : $eA systematic-dialectical exposition of the capitalist system /$fGeert Reuten 205 $a1st ed. 210 $cBrill$d2019 210 1$aLeiden, $aBoston :$cBrill,$d2018. 215 $a1 online resource 225 0 $aHistorical Materialism Book Series ;$vv. 186 311 $a90-04-39279-3 311 $a90-04-39280-7 320 $aIncludes bibliographical references and index. 327 $aFront Matter -- Copyright Page -- Systematic-dialectical exposition by chapter -- Preface -- General introduction -- Part 1: The capitalist economy -- Chapter 1: The capitalist mode of production -- Chapter 2: Accumulation of capital -- Chapter 3: Finance of enterprises -- Chapter 4: Market interaction and stratified production -- Chapter 5: The cyclical over-accumulation and destruction of capital -- Part 2: The capitalist state -- Introduction to part two: the capitalist state -- Chapter 6: State-granted capitalist economic rights -- Chapter 7: Furthering the conditions for the accumulation of capital -- Chapter 8: State expenditure and its finance -- Chapter 9: The imposition of competition -- Chapter 10: The reach of the capitalist state -- Part 3: The international capitalist system -- Chapter 11: The international capitalist system -- Part 4: Summary and additions -- Chapter 12: General summary and conclusions -- Chapter 13: Synopsis of the main moments of ?The unity of the capitalist economy and state? -- Chapter 14: An outline of systematic dialectics ? General appendix -- Back Matter -- Bibliography -- List of symbols and abbreviations in order of appearance -- List of symbols and abbreviations in alphabetical order -- List of equations by chapter -- Glossary of field-specific terms. 330 $aIn The unity of the capitalist economy and state , Geert Reuten offers a systematic exposition of the capitalist system, showing that the capitalist economy and the capitalist state constitute a unity. In its critique of contemporary economics, the book argues that in order to comprehend the capitalist system, one requires a full synthetic exposition of the economic and state institutions and processes necessary for its continued existence. A synthetic approach also reveals a range of components that are often obscured by partial analyses. In its systematic character, Reuten?s work takes inspiration from Marx?s provisional outline of the capitalist system in Capital , while also addressing fields that Marx left unfinished ? such as the capitalist state. 410 0$aHistorical Materialism Book Series$v186. 606 $aCapitalism 610 $aMarxism & Communism 615 0$aCapitalism. 676 $a330.12/2 700 $aReuten$b Geert$0129044 801 0$bNL-LeKB 801 1$bNL-LeKB 906 $aBOOK 912 $a9910367616903321 996 $aThe unity of the capitalist economy and state$92109067 997 $aUNINA